00244nam a22000857a 4500040000900000100002700009245008400036260002800120300001000148 cSCME aEtienne Paul, Yu Liu aBiological sludge minimization and biomaterials/bioenergy recovery technologies aNew JersybWilleyc2012 a496p.